Nihon nōminshi /
Saved in:
| Corporate Author: | |
|---|---|
| Format: | Book |
| Language: | Japanese |
| Published: |
Tōkyō :
Nihon Gakujutsu Fukyūkai,
Shōwa 8 [1933]
|
| Subjects: | |
| Tags: |
Add Tag
No Tags, Be the first to tag this record!
|
| LEADER | 01032nam a2200277 a 4500 | ||
|---|---|---|---|
| 001 | 007767397-2 | ||
| 005 | 20024617115958.0 | ||
| 008 | 881028s1939 ja 000 0 jpn | ||
| 010 | |a 88153209 /AJ | ||
| 035 | 0 | |a ocm19397718 | |
| 040 | |a DLC |c DLC |d *YNH* |d CStRLIN | ||
| 043 | |a a-ja--- | ||
| 050 | 0 | |a HD2092 |b .N4837 1933 | |
| 245 | 0 | 0 | |6 880-01 |a Nihon nōminshi / |c [Nihon Rekishi Chiri Gakkai hen]. |
| 260 | |6 880-02 |a Tōkyō : |b Nihon Gakujutsu Fukyūkai, |c Shōwa 8 [1933] |g (Shōwa 14 [1939] printing) | ||
| 300 | |a 373 p. ; |c 23 cm. | ||
| 650 | 0 | |a Agriculture |x Economic aspects |z Japan |x History. | |
| 650 | 0 | |a Farmers |z Japan |x History. | |
| 650 | 0 | |a Agriculture and state |z Japan |x History. | |
| 651 | 0 | |a Japan |x Rural conditions. | |
| 710 | 2 | |6 880-03 |a Nihon Rekishi Chiri Gakkai. | |
| 880 | 0 | 0 | |6 245-01 |a 日本農民史 / |c [日本歷史地理學會編]. |
| 880 | |6 260-02 |a 東京 : |b 日本學術晋及會, |c 昭和 8 [1933] |g (昭和 14 [1939] printing) | ||
| 880 | 2 | |6 710-03 |a 日本歷史地理學會. | |
| 988 | |a 20021214 | ||
| 906 | |0 DLC | ||


